000 00891 a2200217 4500
001 30257
005 20260407155614.0
008 260407a2012 arg spa d
003 AR-UNSa-BCEJYS
040 _aAR-UNSa-BCEJYS
_bspa
_cAR-UNSa-BCEJYS
080 _a311.3
_xOrganización general de las estadisticas. Estadística oficial
245 1 0 _aCenso Nacional de Población, Hogares y Viviendas 2010. Censo del Bicentenario
_pResultados definitivos, Serie B Nº2
020 _a978-950-896-420-5
264 1 _aBuenos Aires :
_bINDEC
_c2012
300 _a2 v. (375 ; 406 p.)
_c32 cm.
041 _aspa
942 _cBK
590 _aniveau_biblio:m niveau_hierar:0
100 1 _aInstituto Nacional de Estadística y Censos (INDEC)
856 4 1 _uhttps://biblioeco.unsa.edu.ar/pmb/images/revistas/Censo Nacional de Poblacion, Hogares y Viviendas 2010-d00023.jpg
_yImagen de portada
_qimage/jpeg
999 _c2075
_d2075